Countries with lowest mobile phone subscriptions - Statistics

General Stats
  • This quiz has been taken 14 times
  • The average score is 5 of 12
Answer Stats
Subscriptions per 1000 people Answer % Correct
11 North Korea
54%
25 South Sudan
54%
6 Eritrea
46%
32 Ethiopia
46%
33 Malawi
46%
38 Tuvalu
46%
30 Burundi
38%
32 Djibouti
38%
29 Marshall Islands
31%
25 Central African Republic
23%
22 Cuba
23%
17 Kiribati
23%
No matching quizzes found
Score Distribution
Percent of People with Each Score
Percentile by Number Answered
Your Score History
You have not taken this quiz